000 00333nam a2200121Ia 4500
008 190216s9999||||xx |||||||||||||| ||und||
100 _aOskar Lange &fred M Taylor
245 0 _aOn The Economic Theory Of Socialism
260 _bTata Mcgraw Hill Publishing Company Ltd
_c1979
300 _a143p
650 _aEconomics
942 _cBK
999 _c9405
_d9405